El liberalismo

Bibliographic Details
Main Author: Curzio, Leonardo
Format: Book
Language:Spanish
Published: Mx̌ico Nostra Ediciones 2007
Subjects:
Online Access:Acceso restringido

MARC

LEADER 00000nam a22000007a 4500
005 20151103123930.0
007 cr|||| ||u|
008 151103s2007 mx ||||| |||| 00| 0 spa d
020 |a 968-5447-47-X 
035 |a 12842 
040 |a vLex  
090 |c 5647  |d 5647 
100 1 |a Curzio, Leonardo 
245 1 3 |a El liberalismo  |h [Recurso electrn̤ico] /  |c Leonardo Curzio  
256 |a Servicio en ln̕ea 
260 |a Mx̌ico  |b Nostra Ediciones  |c 2007 
300 |a 1 recurso electrn̤ico  
506 1 |a Contenido solo disponible en los productos indicados  |d vLex Global  |d vLex Global (Academic Edition, excluding Law Schools)  |d vLex Global (U.S. Academic Edition, Law Schools)  |d vLex Global (U.S. Academic Edition, excluding Law Schools)  |d vLex Global (Academic Edition, Law Schools) 
650 0 4 |a Liberalismo  |z Mx̌ico 
740 0 |a vLex libros (servicio en ln̕ea) 
856 4 0 |u http://vlex.com/source/liberalismo-12842  |z Acceso restringido 
942 |c BOOK 
999 0 |a Liberalism